Liliane Bodson, ed., La Migration des animaux: connaissances zoologiques et exploitations anthropologiques selon les espèces, les lieux et les époques, Liège, Université de Liège, 2004, Liège, xix + 234 p., bibl., index, ill., fig., tabl., cartes («Colloques d’histoire des connaissances zoologiques» 15) (notice n° 1645983)
[ vue normale ]
| 000 -LEADER | |
|---|---|
| fixed length control field | 00728cam a2200145 4500500 |
| 005 - DATE AND TIME OF LATEST TRANSACTION | |
| control field | 20260208002351.0 |
| 041 ## - LANGUAGE CODE | |
| Language code of text/sound track or separate title | fre |
| 042 ## - AUTHENTICATION CODE | |
| Authentication code | dc |
| 100 10 - MAIN ENTRY--PERSONAL NAME | |
| Personal name | Digard, Jean-Pierre |
| Relator term | author |
| 245 00 - TITLE STATEMENT | |
| Title | Liliane Bodson, ed., La Migration des animaux: connaissances zoologiques et exploitations anthropologiques selon les espèces, les lieux et les époques, Liège, Université de Liège, 2004, Liège, xix + 234 p., bibl., index, ill., fig., tabl., cartes («Colloques d’histoire des connaissances zoologiques» 15) |
| 260 ## - PUBLICATION, DISTRIBUTION, ETC. | |
| Date of publication, distribution, etc. | 2005.<br/> |
| 500 ## - GENERAL NOTE | |
| General note | 2 |
| 786 0# - DATA SOURCE ENTRY | |
| Note | L'Homme | 175-176 | 3 | 2005-07-01 | p. 475m-572m | 0439-4216 |
| 856 41 - ELECTRONIC LOCATION AND ACCESS | |
| Uniform Resource Identifier | <a href="https://shs.cairn.info/revue-l-homme-2005-3-page-475m?lang=fr&redirect-ssocas=7080">https://shs.cairn.info/revue-l-homme-2005-3-page-475m?lang=fr&redirect-ssocas=7080</a> |
Pas d'exemplaire disponible.




Réseaux sociaux